Вестник Проблемы совершенствования российского законодательства (Запись № 12869523)
[ простой вид ]
| 000 -МАРКЕР | |
|---|---|
| контрольное поле | 02493nas1a22003131i 4500 |
| 001 - ИДЕНТИФИКАТОР ЗАПИСИ | |
| контрольное поле | RU\NLR\BIBL_A\012698282 |
| 005 - ИДЕНТИФИКАТОР ВЕРСИИ | |
| контрольное поле | 20240922080231.0 |
| 011 ## - МЕЖДУНАРОДНЫЙ СТАНДАРТНЫЙ НОМЕР СЕРИАЛЬНОГО ИЗДАНИЯ (ISSN) | |
| Номер (ISSN) | 2713-0673 |
| 035 ## - ДРУГИЕ СИСТЕМНЫЕ НОМЕРА | |
| Идентификатор записи | (NLR Aleph) 012698282 |
| 100 ## - ДАННЫЕ ОБЩЕЙ ОБРАБОТКИ | |
| Данные общей обработки | 20220201a20219999|||y0rusy50 ca |
| 101 0# - ЯЗЫК РЕСУРСА | |
| Язык текста, звукозаписи и т.д. | русский |
| 102 ## - СТРАНА ПУБЛИКАЦИИ ИЛИ ПРОИЗВОДСТВА | |
| Страна публикации | Российская Федерация |
| 110 ## - ПОЛЕ КОДИРОВАННЫХ ДАННЫХ: ПРОДОЛЖАЮЩИЕСЯ РЕСУРСЫ | |
| Кодированные данные продолжающегося ресурса | zhuzz 0|y| |
| 181 #0 - ПОЛЕ КОДИРОВАННЫХ ДАННЫХ: ВИД СОДЕРЖАНИЯ | |
| Код вида содержания (ISBD) | i |
| Код характеристики содержания (ISBD) | axxe |
| 182 #0 - ПОЛЕ КОДИРОВАННЫХ ДАННЫХ: ТИП СРЕДСТВА | |
| Код типа средства (ISBD) | n - непосредственное |
| 200 1# - ЗАГЛАВИЕ И СВЕДЕНИЯ ОБ ОТВЕТСТВЕННОСТИ | |
| Основное заглавие | Вестник Проблемы совершенствования российского законодательства |
| Сведения, относящиеся к заглавию | научно-образовательный журнал |
| Первые сведения об ответственности | Сев.-Кавк. ин-т (фил.) Федерал. гос. бюджет. образоват. учреждения высш. образования "Всерос. гос. ун-т юстиции (РПА Минюста России)" в г. Махачкале |
| 203 ## - ВИД СОДЕРЖАНИЯ И ТИП СРЕДСТВА | |
| Вид содержания | Текст |
| Дополнительные сведения об издании | визуальный |
| Тип средства | непосредственный |
| 210 ## - ПУБЛИКАЦИЯ, РАСПРОСТРАНЕНИЕ И ДР. | |
| Место издания, распространения и т.д. | Махачкала |
| Имя издателя, распространителя и т. д. | Северо-Кавказский институт (филиал) ФГБОУ ВО "Всероссийский государственный университет юстиции (РПА Минюста России)" |
| Дата издания, распространения и т.д. | 2021 - |
| 311 ## - ПРИМЕЧАНИЯ, ОТНОСЯЩИЕСЯ К ПОЛЯМ СВЯЗИ (ПРИМЕЧАНИЯ О СВЯЗИ С ДРУГИМИ ПРОИЗВЕДЕНИЯМИ (ИЗДАНИЯМИ)) | |
| Текст примечания | Ранее выходил как: Проблемы совершенствования законодательства |
| 430 #0 - ПРОДОЛЖЕН | |
| Встроенное поле | 001RU\NLR\Per\1127538 |
| -- | 2001#$aПроблемы совершенствования законодательства |
| Системный номер (АБИС) связанной записи | 9937824 |
| Место публикации | Махачкала |
| Дата публикации | 2012 - 2020 |
| Первые сведения об ответственности | ФГБОУ ВПО "Рос. правовая акад. М-ва юстиции Рос. Федерации", Сев.-Кавк. (г. Махачкала) фил. |
| Имя издателя, распространителя и т.д. | РПА Минюста России |
| Сведения, относящиеся к заглавию | (сборник научных статей студентов юридического факультета СКФ РПА Минюста России) |
| Заглавие | Проблемы совершенствования законодательства |
| 517 1# - ДРУГИЕ ВАРИАНТЫ ЗАГЛАВИЯ | |
| Вариант заглавия | Проблемы совершенствования российского законодательства |
| 606 1# - НАИМЕНОВАНИЕ ТЕМЫ КАК ПРЕДМЕТ | |
| Наименование темы | Право |
| Формальный подзаголовок | Периодические издания |
| Географический подзаголовок | Российская Федерация |
| Системный номер авторитетной/нормативной записи | 2070216 |
| Идентификатор авторитетной/нормативной записи | RU\NLR\AUTH\661244932 |
| 686 1# - ИНДЕКСЫ ДРУГИХ КЛАССИФИКАЦИЙ | |
| Индекс | Х62я54 |
| 712 02 - НАИМЕНОВАНИЕ ОРГАНИЗАЦИИ - ВТОРИЧНАЯ ОТВЕТСТВЕННОСТЬ | |
| Начальный элемент ввода | Всероссийский государственный университет юстиции |
| Структурное подразделение | Северо-Кавказский институт (филиал) |
| Место проведения временной организации | (Махачкала) |
| Код отношения | Прочие |
| 852 ## - МЕСТОНАХОЖДЕНИЕ И ШИФР ХРАНЕНИЯ | |
| Идентификатор организации | NLR |
| Шифр хранения (Call Number) | П23/8971 |
| 942 ## - ДОПОЛНИТЕЛЬНЫЕ ЭЛЕМЕНТЫ ЗАПИСИ (АБИС) | |
| Тип экземпляра АБИС | Продолжающееся издание |
| 980 ## - КОЛЛЕКЦИЯ | |
| Название коллекции | Русская периодика |
Нет доступных экземпляров.